Histr̤ia Oral do Supremo [1988-2013] Sepl︢veda Pertence Vol. 3

Bibliographic Details
Main Author: de Castro Fontainha, Fernando
Format: eBook
Language:Portuguese
Published: Rio de Janeiro FGV - Direito Rio, 2015
Subjects:
Online Access:Acceso restringido

MARC

LEADER 00000nam a22000007a 4500
005 20150810231054.0
007 cr|||| ||||
008 150810s2015 br |||||s|||| 00||0 por d
020 |a 978-85-63265-46-3 
035 |a 12758 
040 |a vLex 
090 |c 5502  |d 5502 
100 1 |a de Castro Fontainha, Fernando 
245 1 0 |a Histr̤ia Oral do Supremo [1988-2013] Sepl︢veda Pertence  |h [Recurso electrn̤ico] /  |c Fernando de Castro Fontainha  |n Vol. 3 
256 |a Servicio en ln̕ea 
260 |a Rio de Janeiro  |b FGV - Direito Rio,  |c 2015 
300 |a 1 recurso electrn̤ico 
500 |a A Fundaȯ̂ Getulio Vargas lanȧ no dia 15/5 o projeto Histr̤ia Oral do Supremo Tribunal Federal (STF), que consiste em contar em vd̕eos e livros a histr̤ia do STF atravš da trajetr̤ia dos seus ministros de 1988 a 2013, os primeiros 25 anos da Nova Repb︢lica. Durante o evento, ser ̀lanȧda a primeira coleȯ̂ de livros, com os tt̕ulos sobre os ex-ministros Sydney Sanches, Antonio Cezar Peluso e Sepl︢veda Pertence. Os juristas e o ex-ministro Nelson Jobim, coordenador geral do trabalho, farô palestras no encontro. Completam a coleȯ̂ a ser lanȧda, que ser ̀distribud̕a gratuitamente aos participantes, os livros dos ex-ministros Aldir Passarinho e Luiz Rafael Mayer, j ̀falecidos. 
506 1 |a Disponible solo en los productos indicados  |d vLex Global  |d vLex Global (Academic Edition, excluding Law Schools)  |d vLex Global (U.S. Academic Edition, Law Schools)  |d vLex Global (U.S. Academic Edition, excluding Law Schools)  |d vLex Global (Academic Edition, Law Schools) 
650 0 4 |a Derecho Civil  |z Brasil 
740 0 |a vLex Libros (Servicio en ln̕ea) 
856 4 0 |u http://vlex.com/source/historia-oral-do-supremo-1988-2013-sepulveda-pertence-vol-3-12758  |z Acceso restringido 
942 |c BOOK 
999 0 |a Civil Law